00500nam a22001577a 450000500170000000800410001702000150005804100120007308200140008510000270009924501010012625000190022726000470024630000240029365000250031720231106120431.0231106b |||||||| |||| 00| 0 eng d a0702110302 aEnglish a346.5 MEY aMeyerowitz, DlEnglish a1979 Cumulative Supplement to the Law and Practice of Administration of Estates / cD Meyerowitz aFifth Edition  aCape Town : bJuta and Company Ltd, c1979 b53 pages ;c25 cm.  aLegal practice bLaw